| 000 | 00604nac a22001691u 4500 | ||
|---|---|---|---|
| 020 | _a8176493309 | ||
| 082 |
_a658.802 _bW931 |
||
| 090 |
_c1177 _d1177 |
||
| 100 | _aWorsam, Mike | ||
| 245 |
_aEffective Management For Marketing / _cMike Worsam. |
||
| 260 |
_aNew Delhi : _bViva books private limited. _c2002. |
||
| 300 |
_a314 p. : _bill. ; _c28 cm. |
||
| 500 | _aIncludes index. | ||
| 650 | _aMarketing. | ||
| 942 |
_cBB _k658.802W931 |
||
| 999 |
_c1177 _d1177 |
||